[Activitats realitzades pels malalts del Pavelló Sagrat Cor dels Centres Assitencials Dr. Emili Mira i López de Torribera] [Enregistrament de vídeo]
Descripción Física:
1 videocasset (VHS) : col : so.
MARC
| LEADER | 00000nam a2200000Ia 4500 | ||
|---|---|---|---|
| 001 | 22966 | ||
| 008 | 160829s1989 - 1993 xx 000 0 cat d | ||
| 080 | |a VID-165 | ||
| 245 | |a [Activitats realitzades pels malalts del Pavelló Sagrat Cor dels Centres Assitencials Dr. Emili Mira i López de Torribera] [Enregistrament de vídeo] | ||
| 260 | |a [s.l. : |b s.n.], |c 1989 - 1993 | ||
| 300 | |a 1 videocasset (VHS) : |b col : |b so. | ||
| 590 | |a Conté: Excursió a Cavas Park (novembre 1989). Tallera Sant Sadurní (novembre i 3 desembre 1992). Sortida als autos de xoc (13 gener 1993). Jornada Mundial del Malalt (11 febrer 1993). Carnestoltes (febrer 1993). Excursió a Blanes (Premi Carnestoltes) (març 1993). | ||
| 590 | |a Núm. de full registral: 4766 | ||
| 650 | |a Centres Assitencials Dr. Emili Mira i López | ||
| 710 | 2 | |a Centres Assistencials Dr. Emili Mira i López |9 52938 | |
| 901 | |a Arxiu | ||
| 942 | |n 1 | ||
| 952 | |0 0 |1 0 |4 0 |6 VID165 |7 1 |9 50184 |a Arxiu |b Arxiu |d 2016-12-01 |l 0 |o VID-165 |p 22966 |r 2016-12-01 00:00:00 |w 2016-12-01 |y ARXIU | ||
| 999 | |c 54026 |d 54026 | ||